00871nam a2200241 a 450000100100000000500170001000800410002704000250006808200150009324500770010826000410018530000210022649000380024770000270028570000260031270000310033870000280036970000270039770000290042483000450045395201140049899900170061200003699520200930080054.0120207s1973 cl 000 0 spa d aDO-SdBNPbspacBNPHU axxxxbxxxx00aImperialismo y control de la población /cAngel Fucaraccio ...[et al]. aChile :bediciones periferia,c1973. a199 p. ;c20 cm.1 aEstados Unidos y América Latina1 aOvsienko, V. E.9633871 aSlutzky, Daniel953971 aIsrael Singer, Paul9633881 aBarclay, William9519511 aEnright, Joseph9633891 at. Reynolds, Reid963390 0aEstados Unidos y América Latina963391 0010507-18MOaGRbGRcOId2012-02-07iLF1l0oxxxx xxxxp36995-10r2020-06-25w2020-06-25y1ZNo se presta c36485d36485